000 01496nam0a22003011 4500
001 v19\rc\1409741
005 20260407064713.0
035 _a(NLR Aleph) 005223142
090 _a5526352
_c5526352
100 _a20060512d1877 |||y0rusy50 ca
101 0 _arus
102 _aRU
105 _ay b |||||
200 1 _aСоюз князей и немецкая политика Екатерины II, Фридриха II, Иосифа II. 1780-1790 гг.
_eИст. исслед. Александра Трачевского
210 _aСанкт-Петербург
_cтип. М.М. Стасюлевича
_d1877
215 _aIV, 528 с.
_d24
700 1 _8rus
_7ca
_aТрачевский
_bА. С.
_f1838-1906
_gАлександр Семенович
_3RU\NLR\AUTH\7754165
_937097
702 0 _4570
_8rus
_7ca
_aЕкатерина
_cимператрица российская
_dII
_f1729-1796
_3RU\NLR\AUTH\772098
_9112115
702 0 _4570
_8rus
_7ca
_aФридрих
_cкороль прусский
_dII Великий
_f1712-1786
_3RU\NLR\AUTH\7715139
_9124799
702 0 _4570
_8rus
_7ca
_aИосиф II
_cэрцгерцог австрийский, император Священной Римской империи
_f1741-1790
_3RU\NLR\AUTH\7717353
_9440
801 2 _aRU
_bNLR
_c20070709
_2rusmarc
801 0 _aRU
_bNLR
_c20060512
_gpsbo
801 0 _aRU
_bRuMoRGB
_c20060512
_2psbo
801 1 _aRU
_bProSoft-M
_c20060512
_2rusmarc
852 _aNLR
_j37.6.5.7
852 _aNLR
_j18.51.8.41
942 _cBOOK
980 _aNB